សត្វចចកនិងខ្មោចដំរី/ (Record no. 1688)
[ view plain ]
| 000 -LEADER | |
|---|---|
| fixed length control field | 00711nam a22001697a 4500 |
| 005 - DATE AND TIME OF LATEST TRANSACTION | |
| control field | 20260120143900.0 |
| 040 ## - CATALOGING SOURCE | |
| Original cataloging agency | FISKH |
| Language of cataloging | eng |
| Transcribing agency | FISKH |
| Modifying agency | FISKH |
| 082 ## - DEWEY DECIMAL CLASSIFICATION NUMBER | |
| Classification number | 398.2 |
| 100 ## - MAIN ENTRY--PERSONAL NAME | |
| Personal name | Anonymous |
| 245 ## - TITLE STATEMENT | |
| Title | សត្វចចកនិងខ្មោចដំរី/ |
| 260 ## - PUBLICATION, DISTRIBUTION, ETC. | |
| Place of publication, distribution, etc. | Phnom Penh : |
| 300 ## - PHYSICAL DESCRIPTION | |
| Extent | 10 pages : |
| Dimensions | 16 cm |
| 520 ## - SUMMARY, ETC. | |
| Summary, etc. | A traditional folk tale set to a children's story in the three parallel languages of Khmer, English, and Chinese. Extremely poor translation and graphic themes makes this book inappropriate for children. Profanity is openly used many times to refer to an elephant's backside or bottom and actions of a wolf. |
| 521 ## - TARGET AUDIENCE NOTE | |
| Target audience note | Staff Only. |
| 942 ## - ADDED ENTRY ELEMENTS (KOHA) | |
| Source of classification or shelving scheme | Dewey Decimal Classification |
| Koha item type | Books |
| Suppress in OPAC | No |
| 999 ## - | |
| -- | 1688 |
| -- | 1688 |
| Withdrawn status | Lost status | Source of classification or shelving scheme | Damaged status | Use restrictions | Not for loan | Collection | Home library | Current library | Shelving location | Date acquired | Total Checkouts | Full call number | Barcode | Date last seen | Price effective from | Koha item type |
|---|---|---|---|---|---|---|---|---|---|---|---|---|---|---|---|---|
| Dewey Decimal Classification | Damaged | Restricted Access | Not For Loan | Khmer-English Bilingual / ភាសាខ្មែរ-អង់គ្លេស | Footprints International School Library Network Toul Kork Campus | Footprints International School Library Network Toul Kork Campus | 09/14/2023 | ANO Fic | 2023-0613 | 09/14/2023 | 09/14/2023 | Books |
